000 00200 a2200097 4500
001 59660
100 _a
245 _aEducational Psychology
260 _aNew Delhi
_bAPH
_c2008
090 _c36534
_d36534
942 _aNUST-CAE
_c
_c29485
999 _c294733
_d294733